Svet nie je na predaj demokracia v službách totality

Gespeichert in:
Bibliographische Detailangaben
1. Verfasser: Chmelár, Eduard
Format: Buch
Sprache:Slowakisch
Veröffentlicht: Bratislava Eko-konzult 2003
Schlagworte:
Tags: Tag hinzufügen
Keine Tags, Fügen Sie das erste Tag hinzu!

MARC

LEADER 00000nam$a2200000$$$4500
001 0013462
005 20221207102811.0
020 |a 80-89044-91-3 
041 0 |a slo 
044 |a SK 
245 1 0 |a Svet nie je na predaj  |b demokracia v službách totality  |c Eduard Chmelár 
264 1 |a Bratislava  |b Eko-konzult  |c 2003 
610 2 0 |a civilizácia 
610 2 0 |a demokracia 
610 2 0 |a spoločnosť 
610 2 0 |a politika 
610 2 0 |a ideológia 
610 2 0 |a teológia 
610 2 0 |a etika 
100 1 |a Chmelár, Eduard